| 000 | 00823cam a22002653a 4500 | ||
|---|---|---|---|
| 001 | 658 | ||
| 003 | PGUSA | ||
| 005 | 20140828082951.0 | ||
| 008 | 960901s1996||||xxu|||||s|||||000 p eng d | ||
| 040 |
_aPGUSA _beng |
||
| 042 | _adc | ||
| 050 | 4 | _aPA | |
| 100 | 1 | _aQuintus, Smyrnaeus, active 4th century | |
| 245 | 1 | 4 |
_aThe Fall of Troy _h[electronic resource] / _cSmyrnaeus, active 4th century Quintus |
| 260 |
_bProject Gutenberg, _c1996 |
||
| 506 | _aPublic domain in the USA. | ||
| 516 | _aElectronic text | ||
| 653 | _aEpic poetry, Greek -- Translations into English | ||
| 653 | _aTrojan War -- Poetry | ||
| 653 | _aTroy (Extinct city) -- Poetry | ||
| 700 | 1 |
_aWay, Arthur S. _q(Arthur Sanders), _d1847-1930 |
|
| 830 | 0 |
_aProject Gutenberg _v658 |
|
| 856 | 4 | 0 | _uhttp://www.gutenberg.org/ebooks/658 |
| 942 | _cEB | ||
| 999 |
_c230009 _d230009 |
||